[Event "IECC CL6-2003.26 email"]
[Site "IECC email"]
[Date "2003.11.04"]
[Round "?"]
[White "Bartlett, Rod"]
[Black "Banker, Amit"]
[Result "1/2-1/2"]
[WhiteElo "1342"]
[BlackElo "1201"]
[PlyCount "90"]
[EventDate "2003.??.??"]
[EventType "tourn (corr)"]
[EventRounds "4"]
[SourceTitle "Corr 2008"]
[Source "ChessBase"]
[SourceDate "2008.06.24"]
[SourceVersion "1"]
[SourceVersionDate "2008.06.24"]
[SourceQuality "1"]

1. c4 e5 2. e4 Nf6 3. d3 Bc5 4. h3 Nc6 5. Nf3 d6 6. Bd2 h6 7. Bc3 Be6 8. Nbd2 a6 9. Nb3 Ba7 10. Qd2 Qd7 11. Be2 0-0 12. g4 Nh7 13. Nh4 b5 14. cxb5 axb5 15. Qc2 Nd4 16. Nxd4 Bxd4 17. Bxd4 exd4 18. b3 c5 19. f4 Qe7 20. Ng2 Ra3 21. 0-0 d5 22. f5 Bc8 23. Rfc1 c4 24. exd5 Re8 25. Re1 cxb3 26. Qb2 Rxa2 27. Rxa2 bxa2 28. Qxa2 Qd6 29. Kf2 Bb7 30. Bf3 Rxe1 31. Kxe1 Ng5 32. Be4 Qg3+ 33. Qf2 Nxe4 34. dxe4 Qc3+ 35. Qd2 Qxh3 36. Qxd4 Qxg2 37. d6 Qh1+ 38. Kd2 Qg2+ 39. Ke1 Qg3+ 40. Kd2 Qf4+ 41. Kc3 Bc6 42. Kb4 Bd7 43. Ka5 g6 44. Kb6 gxf5 45. Kc7 Be6 1/2-1/2

[Event "IECC O-1798"]
[Site "IECC email"]
[Date "2003.10.29"]
[Round "?"]
[White "Hasidume, Shuji"]
[Black "Banker, Amit"]
[Result "1-0"]
[WhiteElo "1384"]
[BlackElo "1181"]
[PlyCount "49"]
[EventDate "2003.??.??"]
[EventType "swiss (corr)"]
[EventRounds "2"]
[SourceTitle "Corr 2020"]
[Source "ChessBase"]
[SourceDate "2019.09.30"]
[SourceVersion "1"]
[SourceVersionDate "2019.09.30"]
[SourceQuality "1"]
[WhiteTeam "Japan"]
[BlackTeam "United States"]
[WhiteTeamCountry "JPN"]
[BlackTeamCountry "USA"]

1. e4 c5 2. Nf3 e6 3. d4 cxd4 4. Nxd4 Nf6 5. Nc3 Bc5 6. Nb3 Bb6 7. e5 Nd5 8. Nxd5 exd5 9. Qxd5 Nc6 10. Bd3 Qh4 11. 0-0 0-0 12. Be3 Bxe3 13. fxe3 Qg5 14. Qc5 g6 15. e6 Qe5 16. exf7+ Kg7 17. Bc4 d6 18. Qd5 Qxe3+ 19. Kh1 Qe5 20. Qf3 Qxb2 21. c3 Bf5 22. Qg3 Ne5 23. Rxf5 Nxc4 24. Rf2 Qa3 25. Qf4 1-0

[Event "IECC O email"]
[Site "IECC email"]
[Date "2003.03.19"]
[Round "?"]
[White "Banker, Amit"]
[Black "Gray, Michael A"]
[Result "1-0"]
[WhiteElo "1130"]
[BlackElo "1209"]
[PlyCount "73"]
[EventDate "2003.??.??"]
[EventType "tourn (corr)"]
[EventRounds "6"]
[SourceTitle "Corr 2008"]
[Source "ChessBase"]
[SourceDate "2008.06.24"]
[SourceVersion "1"]
[SourceVersionDate "2008.06.24"]
[SourceQuality "1"]

1. d4 d5 2. c4 e6 3. e3 Nf6 4. Nf3 Nc6 5. Nc3 Bb4 6. Bd2 0-0 7. Be2 Bxc3 8. Bxc3 Ne4 9. Qc2 Qe7 10. 0-0 Nxc3 11. bxc3 b6 12. cxd5 exd5 13. Rab1 g6 14. h3 Bf5 15. Bd3 Bxd3 16. Qxd3 Qa3 17. Qb5 Ne7 18. Qb4 Qxb4 19. cxb4 Rfc8 20. a4 c5 21. bxc5 bxc5 22. dxc5 Rxc5 23. Rb7 Nc8 24. Ne5 Nb6 25. Nxf7 Nxa4 26. Ng5 h6 27. Ne6 Rc6 28. Nd4 Rb6 29. Rd7 Nc3 30. Rc1 Rc8 31. Rxa7 Rb4 32. Kf1 Rbc4 33. Ne6 Nb5 34. Rg7+ Kh8 35. Rb1 Nc3 36. Ra1 g5 37. Raa7 1-0

[Event "IECC CL7-2003.03 email"]
[Site "IECC email"]
[Date "2003.01.26"]
[Round "?"]
[White "Banker, Amit"]
[Black "Van Gimst, Herman"]
[Result "1-0"]
[WhiteElo "1080"]
[BlackElo "1143"]
[PlyCount "55"]
[EventDate "2003.??.??"]
[EventType "tourn (corr)"]
[EventRounds "4"]
[SourceTitle "Corr 2008"]
[Source "ChessBase"]
[SourceDate "2008.06.24"]
[SourceVersion "1"]
[SourceVersionDate "2008.06.24"]
[SourceQuality "1"]

1. e4 c5 2. Nf3 Nc6 3. d4 cxd4 4. Nxd4 Nf6 5. Nc3 a6 6. Nxc6 bxc6 7. e5 Nd5 8. Nxd5 cxd5 9. Qxd5 Rb8 10. e6 fxe6 11. Qh5+ g6 12. Qe5 Rxb2 13. Bxb2 Rg8 14. Rb1 d6 15. Qc3 Bb7 16. Qb4 Qa8 17. f3 Bd5 18. Qa4+ Kd8 19. Bd4 e5 20. Be3 e6 21. Qxa6 Qxa6 22. Bxa6 Bxa2 23. Rb7 Rg7 24. Bg5+ Be7 25. 0-0 Bd5 26. Ra7 Bxg5 27. Rxg7 Be3+ 28. Kh1 1-0